000 00305nam a22001337a 4500
008 171005b xxu||||| |||| 00| 0 eng d
020 _a01363461520061243410
041 _aeng
080 _a159.9
100 _a49
101 _aPSI
245 _aTRANSCULTURAL PSYCHIATRY
_cKIRMAYER,K.J
942 _2udc
_cBK
999 _c32073
_d32073